ရှုတိုင်းအောင်မြန်မာပြည်ပထဝီ / (Record no. 27096)

000 -LEADER
fixed length control field 01057nam a22001937a 4500
005 - DATE AND TIME OF LATEST TRANSACTION
control field 20260124093041.0
008 - FIXED-LENGTH DATA ELEMENTS--GENERAL INFORMATION
fixed length control field 230712b ||||| |||| 00| 0 eng d
040 ## - CATALOGING SOURCE
Transcribing agency SSBUL
Modifying agency SSBUL
082 ## - DEWEY DECIMAL CLASSIFICATION NUMBER
Edition number 23
Classification number ၉၁၅.၉၁ ဘ ၁၆၀၄၁ (S-SAT)
100 0# - MAIN ENTRY--PERSONAL NAME
Personal name ဘသောင်း၊
Titles and words associated with a name ဦး၊
Miscellaneous information ဘီအေ။
9 (RLIN) 27840
245 10 - TITLE STATEMENT
Title ရှုတိုင်းအောင်မြန်မာပြည်ပထဝီ /
Statement of responsibility, etc. ဦးဘသောင်းဘီအေ၊ ဘာသာပြန်သူ‌ ‌ဒေါ်မြမြသန်း B.A.Ed။
250 ## - EDITION STATEMENT
Edition statement တတိယအကြိမ်။
260 ## - PUBLICATION, DISTRIBUTION, ETC.
Place of publication, distribution, etc. မန္တလေး၊
Name of publisher, distributor, etc. ရဲရင့်စာပေ။
300 ## - PHYSICAL DESCRIPTION
Extent ၄၅၈ စာမျက်နှာ၊
Other physical details မြေပုံများ၊ ဓာတ်ပုံများ၊
Dimensions ၁၈ စင်တီ။
500 ## - GENERAL NOTE
General note S-SAT: Dr. Prof Sai Aung Tun
650 ## - SUBJECT ADDED ENTRY--TOPICAL TERM
Topical term or geographic name entry element ဒေသန္တရပထဝီဝင်
Geographic subdivision မြန်မာနိုင်ငံ။
9 (RLIN) 27841
651 ## - SUBJECT ADDED ENTRY--GEOGRAPHIC NAME
Geographic name ပထဝီဝင်ပညာ။
9 (RLIN) 27842
942 ## - ADDED ENTRY ELEMENTS (KOHA)
Source of classification or shelving scheme
Koha item type Book (Short term)
Holdings
Withdrawn status Lost status Source of classification or shelving scheme Damaged status Not for loan Collection code Permanent Location Current Location Shelving location Date acquired Total Checkouts Full call number Barcode Date last seen Price effective from Koha item type Accession
          Special Sources Shan State Buddhist University Library Shan State Buddhist University Library Special Collection Shelves 12/07/2023   ၉၁၅.၉၁ ဘ ၁၆၀၄၁ (S-SAT) MB00016041 12/07/2023 12/07/2023 Book (Short term) ၁၆၀၄၁ (S-SAT)

Library - 09407999929
Admin Office - 09407999979
Dean Office - 09250910768
Registrar Office - 09892297154
Email - [email protected]
Shan State Buddhist University, Phaya Phyu Taunggyi, Shan State, Myanmar.